000 00469nam a22001697a 4500
999 _c3080
_d3080
008 200319b ||||| |||| 00| 0 eng d
020 _a027336099X
082 0 0 _a624.171076
_bM3671
100 _92653
_aMarshall, W. T.
245 1 0 _aSolutions of problems in structures /
_cby W. T. Marshall
250 _a1st ed.
260 _aLondon
_bPitman
_c1958
300 _avii, 343 p.
490 0 _aSolution of problem series
_v5
650 0 _aStructural Analysis
942 _cBK